Movies Quiz

Random Movies or Clickable Quiz
Score 0/22 Timer 05:00
1 Play Today
% Correct
Avatar
97.8%
Sherlock Holmes
97.6%
Up
96.9%
The Princess and the Frog
95.7%
Star Trek
94.3%
The Young Victoria
94.2%
Fantastic Mr. Fox
93.9%
Inglourious Basterds
93.1%
District 9
89.3%
The Hurt Locker
87.5%
The Blind Side
87.2%
% Correct
Invictus
83.2%
Precious
79.9%
Up in the Air
77.4%
The Imaginarium of Doctor Parnassus
75.6%
Crazy Heart
62.5%
A Serious Man
56.2%
An Education
50.5%
Nine
49.8%
The Messenger
46.8%
The White Ribbon
44.1%
The Last Station
28.7%
Remove Ads.
Support Sporcle.
Get the best of Sporcle when you Go Orange. This ad-free experience offers more features, more stats, and more fun while also helping to support Sporcle. Thank you for becoming a member.

You're not logged in!

Compare scores with friends on all Sporcle quizzes.
OR
Log In

Show Comments

Extras

Top Quizzes Today


Score Distribution

Your Account Isn't Verified!

In order to create a playlist on Sporcle, you need to verify the email address you used during registration. Go to your Sporcle Settings to finish the process.

Report this User

Report this user for behavior that violates our Community Guidelines.

Details: